NLSUI OPAC header image

Judicial dictionary of words and phrases. Vol.2(E-I) (Record no. 10642)

MARC details
000 -LEADER
fixed length control field 00405nam a2200157Ia 4500
008 - FIXED-LENGTH DATA ELEMENTS--GENERAL INFORMATION
fixed length control field 160316s1986 xxu||||| |||| 00| 0 eng d
082 ## - DEWEY DECIMAL CLASSIFICATION NUMBER
Classification number 340.030000
Item number STR-II
100 ## - MAIN ENTRY--PERSONAL NAME
Personal name Stroud
245 ## - TITLE STATEMENT
Title Judicial dictionary of words and phrases. Vol.2(E-I)
250 ## - EDITION STATEMENT
Edition statement 5th
260 ## - PUBLICATION, DISTRIBUTION, ETC.
Place of publication, distribution, etc. London
Name of publisher, distributor, etc. Sweet & Maxwell
Date of publication, distribution, etc. 1986
300 ## - PHYSICAL DESCRIPTION
Extent 1200p
Other physical details
Dimensions
365 ## - TRADE PRICE
Price amount
650 ## - SUBJECT ADDED ENTRY--TOPICAL TERM
Topical term or geographic name entry element 1.Judicial Dictionary
700 ## - ADDED ENTRY--PERSONAL NAME
Personal name
--
Holdings
Withdrawn status Lost status Damaged status Not for loan Home library Current library Shelving location Date acquired Cost, normal purchase price Total Checkouts Full call number Barcode Date last seen Price effective from Koha item type Public note
        . . NAB Compactor 30.05.2017 14000.00   340.03 STR-II 10933 30.05.2017 30.05.2017 BOOKs Price for the entire Set